000 00567nam a2200145 a 4500
008 120416s1966 ||||||||||||||||| || u
050 _aCB 415 Mor
100 _aMoraze, Chales
245 1 4 _aThe triumph of the middle classes
246 _aa political and social history of Europe in the 19th century
260 _aGarden city, N.Y.
_bAnchor Books
_c1966
300 _axiii, 577p.
350 _a0.00
995 _D0.00
_FCBU-MAIN LIBRARY (Kitwe)
_H1
_I0.00
_UAVAILABLE
_WJun 13, 2006
_ZAnnex Low-Usage Collection
999 _c60451
_d60451